Una sarta de mentiras (Registro nro. 240149)

Detalles MARC
000 -ENCABEZADO
Número de control [NR] 01011 a2200265 4500
005 - FECHA Y HORA DE LA ÚLTIMA TRANSACCIÓN
control field 20180312141958.0
008 - DE LONGITUD FIJA DE DATOS DE ELEMENTOS - INFORMACIÓN GENERAL
Elementos de longitud fija [NR] 140311s1995 mx a gr|||| 000 j spa d
020 ## - NUMERO INTERNACIONAL NORMALIZADO PARA LIBROS [R]
Número Internacional Normalizado del libro [NR] 9681648684
040 ## - FUENTE DE CATALOGACION [NR]
Agencia de catalogación original [NR] CO-BoUCM
Idioma de catalogación [NR] spa
Quien Cataloga Jose A. Gerena
Quien Clasifica Diana Londoño
041 ## - CODIGO DE IDIOMA [R]
Código de idioma para texto/pista de sonido o título separado [R] Español
100 1# - ASIENTO PRINCIPAL--NOMBRE PERSONAL [NR]
Nombre personal [NR] McCaughrean, Geraldine
ID Autoridad 49542
245 10 - MENCION DE TITULO [NR]
Título [NR] Una sarta de mentiras
Mención de responsabilidad, etc. [NR] Geraldine McCaughrean ; ilustración de Antonio Helguerra ; traducción de Jorge González de León
250 ## - MENCION DE EDICION [NR]
Mención de edición [NR] 2a Ed
260 ## - PUBLICACION, DISTRIBUCION, ETC. (PIE DE IMPRENTA) [R]
Fecha de publicación, distribución, etc. [R] 1995
Nombre del editor, distribuidor, etc. [R] Fondo de cultura económica
Lugar de publicación, distribución, etc. [R] México D.F. (México)
300 ## - DESCRIPCION FISICA [R]
Extensión [R] 226 páginas
Otros detalles físicos [NR] ilustraciones
490 ## - MENCION DE SERIE [R]
Mención de serie [R] A la orilla del viento
Designación numérica/secuencial del volumen [NR] 34
650 #7 - ASIENTO SECUNDARIO DE MATERIA - TERMINO TEMATICO [R]
9 (RLIN) 37305
Término temático o nombre geográfico como elemento de entrada [NR] Cuentos ilustrados para niños
650 #7 - ASIENTO SECUNDARIO DE MATERIA - TERMINO TEMATICO [R]
9 (RLIN) 37709
Término temático o nombre geográfico como elemento de entrada [NR] Literatura infantil inglesa
690 ## - ASUNTO AGREGADO LOCAL DE ENTRADA - TÉRMINO TEMÁTICO (OCLC, RLIN)
9 (RLIN) 42863
Acceso temático local Literatura europea
700 1# - ASIENTO SECUNDARIO - NOMBRE PERSONAL [R]
Nombre personal [NR] González de León, Jorge
Término de relación [R] traductor
9 (RLIN) 58171
700 1# - ASIENTO SECUNDARIO - NOMBRE PERSONAL [R]
Nombre personal [NR] Helguera, Antonio
Término de relación [R] ilustrador
9 (RLIN) 58170
765 ## - ASIENTO DE IDIOMA ORIGINAL [R]
Título [NR] A pack of lies
942 ## - ELEMENTOS DE ENTRADA AGREGADOS (KOHA)
Tema principal Literatura
Tipo de ítem principal el descrito en 300a Libro
Edición 2
Parte restante de la signatura top. M123u
Sistema de clasificación DEWEY
Clasificación 828.914
Título oculto en OPAC No
Existencias
Fecha de último préstamo Total préstamos Signatura topográfica Código de barras Última vez visto Volúmen / Fascículo Ejemplar Costo de reposición Price effective from Tipo de ítem Nota pública (OPAC) Perdido Sistema de clasificación Dañado No prestable Tipo de ítem específico Suprimido Ubicación habitual Ubicación actual Localización Fecha de creación Proveedor Forma de adquisición Costo
02/08/2019 3 828.914 M123u 200027632 11/12/2025 2a.Ed. Ej.1 26000.00 02/08/2013 Libro Spot Literatura Infantil   DEWEY     Libro   Quinta de Mutis Quinta de Mutis Mezanecs 02/08/2013 12 Donación 0.00